Bloons Games - Statistics

General Stats
  • This quiz has been taken 23 times
  • The average score is 18 of 58
Answer Stats
Release date Answer % Correct
March 27, 2007 Bloons
100%
August 16, 2007 Bloons Tower Defense
100%
September 24, 2010 Bloons 2
95%
October 18, 2007 Bloons Tower Defense 2
95%
June 13, 2018 Bloons TD 6
90%
February 11, 2022 Bloons TD 6+
90%
September 2, 2008 Bloons Tower Defense 3
90%
October 29, 2009 Bloons TD 4
85%
December 15, 2011 Bloons TD 5
80%
February 15, 2010 Bloons Super Monkey
60%
October 28, 2024 Bloons Card Storm
45%
June 25, 2021 Bloons Pop!
45%
November 30, 2021 Bloons TD Battles 2
45%
January 20, 2024 Bloons TD Battles 2+
45%
June 20, 2023 Bloons TD 6 Netflix
35%
November 2008 Hot Air Bloon
30%
July 14, 2018 Bloons Adventure Time TD
25%
December 7, 2010 Bloons TD 4 Mobile
25%
November 15, 2012 Bloons TD 5 Mobile
25%
December 13, 2012 Bloons TD Battles Flash
25%
July 18, 2013 Bloons TD Battles Mobile
25%
Unknown Even More Bloons
25%
Unknown More Bloons
25%
November 29, 2011 Who Wants To Be A Bloonionaire?
25%
April 7, 2011 Bloons 2 Spring Fling
20%
November 25, 2013 Bloons Monkey City Flash
20%
December 3, 2014 Bloons Monkey City Mobile
20%
July 3, 2007 Bloons Player Pack 1
20%
September 27, 2007 Bloons Player Pack 2
20%
Unknown Bloons Player Pack 3
20%
Unknown Bloons Player Pack 4
20%
Unknown Bloons Player Pack 5
20%
May 21, 2008 Bloons Pop 3
20%
August 15, 2012 Bloons TD 5 Deluxe
20%
September 6, 2023 Bloons TD 6 Console
20%
May 3, 2010 Bloons DSi
15%
December 1, 2009 Bloons Festive Fun
15%
October 9, 2009 Bloons Insanity
15%
April 14, 2009 Bloons iOS
15%
Unknown Bloons Junior
15%
November 23, 2009 Bloons PSN
15%
November 29, 2012 Bloons TD 4 DSi
15%
March 3, 2017 Bloons TD 5 Console
15%
December 15, 2011 Bloons TD 5 Flash
15%
November 19, 2014 Bloons TD 5 Steam
15%
April 20, 2016 Bloons TD Battles Steam
15%
February 8, 2010 Bloons Wii
15%
November 3, 2010 Hot Air Bloon iOS
15%
December 6, 2010 Bloons 2 Christmas Pack
10%
December 6, 2011 Bloons 2 Mobile
10%
November 1, 2016 Bloons Supermonkey 2 Mobile
10%
August 19, 2010 Bloons Super Monkey iOS
10%
July 8, 2010 Bloons TD 4 Expansion
10%
December 1, 2012 Bloons TD 5 HD
10%
November 9, 2012 Bloons TD 5 Mac
10%
November 10, 2011 Bloons TD DSi
10%
October 3, 2009 Bloons TD iOS
10%
November 10, 2011 Bloons TD PSN
10%
No matching quizzes found
Score Distribution
Percent of People with Each Score
Percentile by Number Answered
Your Score History
You have not taken this quiz